Normal view
MARC view
- Educación
Entry Materia
001 - NÚMERO DE CONTROL DEL REGISTRO
- campo de control: 48576
003 - IDENTIFICADOR DE NUMERO DE CONTROL
- campo de control: UPN
005 - FECHA Y HORA DE LA ÚLTIMA TRANSACCIÓN
- campo de control: 20240912120809.0
008 - DATOS DE LONGITUD FIJA
- campo de control de longitud fija: 230327nn fnnnnbaba | a|a d
040 ## - FUENTE DE LA CATALOGACIÓN
- Centro catalogador de origen: MX-MxUPN
- Lengua de catalogación: spa
046 ## - FECHAS CON CODIFICACIÓN ESPECIAL
- Fecha final para contenidos agregados: 2023
150 ## - ENCABEZAMIENTO - TEMÁTICO
- Término de materia o nombre geográfico como elemento inicial: Educación
- Subdivisión de materia general: Investigación
- Subdivisión de materia general: Innovaciones tecnológicas
670 ## - FUENTE EN LA QUE SE LOCALIZARON DATOS
- Cita de la fuente: Autoridades BGTQ, 27 marzo 2023 :
- Información localizada: (Educación -- Investigación -- Innovaciones tecnológicas)
902 ## - CATALOGADOR
- Catalogador: VíctorGodínez/270323
